[Event "Sparkassen-Open A"]
[Site "Heusenstamm, Martinsee"]
[Date "2023.11.26"]
[Round "6.80"]
[White "Köhlich, Viktor"]
[Black "Cors, Heinz-Friedrich"]
[Result "0-1"]
[WhiteElo "1608"]
[BlackElo "1841"]
[PlyCount "78"]
[EventDate "2023.??.??"]
[WhiteTeam "SC Matt im Park Ffm"]
[BlackTeam "Schachforum Darmstadt 1994"]

1. d4 Nf6 2. Nf3 e6 3. Bf4 c5 4. e3 d5 5. c3 Qb6 6. Qb3 Nc6 7. Nbd2 Nd7 8. Be2 Be7 9. O-O O-O 10. Rfe1 Qd8 11. Qc2 cxd4 12. exd4 Bf6 13. Bd3 g6 14. Ne5 Ndxe5 15. dxe5 Bg7 16. Bg3 Bd7 17. f4 Rc8 18. a3 Ne7 19. Nf3 Nf5 20. Bxf5 exf5 21. Bh4 Qb6+ 22. Bf2 Qc7 23. Rad1 Be6 24. Bxa7 b6 25. Bxb6 Qxb6+ 26. Nd4 Rc4 27. Kh1 Rfc8 28. Qe2 Bf8 29. h4 Bc5 30. Nxe6 fxe6 31. Rf1 Be7 32. h5 Kg7 33. Rd3 Re4 34. h6+ Kf7 35. Qc2 Re3 36. Rxe3 Qxe3 37. Qa4 Qe2 38. Qd1 Qxb2 39. g4 Rxc3 0-1

[Event "Sparkassen-Open A"]
[Site "Heusenstamm, Martinsee"]
[Date "2023.11.26"]
[Round "6.81"]
[White "Pradeep, Harshill"]
[Black "Burlutskaia, Maria"]
[Result "0-1"]
[WhiteElo "1538"]
[BlackElo "1797"]
[PlyCount "176"]
[EventDate "2023.??.??"]
[WhiteTeam "SK Bickenbach"]
[BlackTeam "SG Porz e. V."]

1. e4 e5 2. Nf3 Nc6 3. d4 exd4 4. c3 d5 5. exd5 Qxd5 6. cxd4 Bg4 7. Be2 O-O-O 8. Be3 Bb4+ 9. Nc3 Nf6 10. O-O Qd7 11. h3 Bxf3 12. Bxf3 Nxd4 13. Bxd4 Qxd4 14. Qb3 c6 15. Qxf7 Bd6 16. Ne2 Qe5 17. Ng3 Rd7 18. Qc4 Bc7 19. Rfe1 Qxb2 20. Rab1 Qd4 21. Qxd4 Rxd4 22. Nf5 Rd7 23. g4 Bb6 24. g5 Nd5 25. Ne3 Nxe3 26. fxe3 Re7 27. Rb3 Re5 28. h4 Rhe8 29. Kf2 Rf8 30. Kg2 Kb8 31. e4 Rf4 32. Kg3 Rf7 33. Reb1 Ra5 34. R1b2 Rc5 35. Re2 Bc7+ 36. Kh3 Rb5 37. Rd3 a6 38. Rde3 Be5 39. Kg2 Rf4 40. Kh3 Rb1 41. h5 Rf8 42. Rd3 Kc7 43. Red2 g6 44. h6 Rf7 45. Rc2 Rb5 46. Rg2 Rb1 47. Rc2 Bf4 48. Kg4 Rb5 49. Rd5 Bxg5 50. a4 Rb3 51. Kxg5 Rbxf3 52. a5 Rg3+ 53. Kh4 Rg1 54. Rd4 Rf4+ 55. Kh3 g5 56. Kh2 Re1 57. Rcd2 Rh4+ 58. Kg2 Rexe4 59. Rd7+ Kb8 60. Rxh7 Reg4+ 61. Kf3 Rf4+ 62. Kg3 Rd4 63. Rxd4 Rxd4 64. Rg7 Rh4 65. h7 Ka7 66. Rc7 c5 67. Rxc5 Rxh7 68. Rxg5 Rf7 69. Kg4 b5 70. Rg6 b4 71. Rb6 Rb7 72. Rc6 b3 73. Rc1 b2 74. Rb1 Rb3 75. Kf4 Kb7 76. Ke4 Kc6 77. Kd4 Kb5 78. Kd5 Kxa5 79. Kc4 Ka4 80. Kd4 Ka3 81. Kc4 Ka2 82. Rd1 b1=Q 83. Rd2+ Rb2 84. Rd6 Qc2+ 85. Kd5 Rb5+ 86. Ke6 Qg6+ 87. Kd7 Qf7+ 88. Kc6 Qb7# 0-1

[Event "Sparkassen-Open A"]
[Site "Heusenstamm, Martinsee"]
[Date "2023.11.26"]
[Round "6.82"]
[White "Held, Costa"]
[Black "Werner, Florin"]
[Result "1/2-1/2"]
[WhiteElo "1699"]
[BlackElo "1666"]
[PlyCount "130"]
[EventDate "2023.??.??"]
[WhiteTeam "SC Frankfurt-West"]
[BlackTeam "VSG 1880 Offenbach"]

1. d4 d5 2. c4 c6 3. e3 Nf6 4. Nc3 Bf5 5. Nf3 e6 6. a3 a5 7. Be2 Nbd7 8. b3 Be7 9. Bb2 O-O 10. c5 b6 11. b4 Qc7 12. O-O Rfb8 13. Qd2 Ne4 14. Nxe4 Bxe4 15. Ne1 Bf6 16. f4 bxc5 17. bxa5 c4 18. Bc3 c5 19. Bd1 cxd4 20. exd4 Nc5 21. dxc5 Qxc5+ 22. Kh1 Bxc3 23. Qxc3 d4 24. Qc1 d3 25. Bf3 Bxf3 26. Nxf3 Rxa5 27. Ne5 Rc8 28. Qc3 f6 29. Nf3 Rb5 30. Rfb1 Rcb8 31. Rxb5 Qxb5 32. Nd2 Rc8 33. Rc1 Qd5 34. Qb4 Qd4 35. Qe7 Qe3 36. Qb7 Re8 37. Qb4 h6 38. Qc3 Rc8 39. g3 e5 40. fxe5 fxe5 41. a4 Qe2 42. Kg1 Kh8 43. Rf1 Kh7 44. a5 Qe3+ 45. Kg2 Qe2+ 46. Rf2 Qe3 47. Rf3 Qe2+ 48. Rf2 Qe3 49. a6 Qd4 50. Qxd4 exd4 51. Nxc4 Rxc4 52. a7 Ra4 53. Rd2 Rxa7 54. Rxd3 Ra4 55. Kf3 Kg6 56. Kg4 h5+ 57. Kf4 Kf6 58. h4 g6 59. Ke4 g5 60. Rxd4 Rxd4+ 61. Kxd4 Kf5 62. hxg5 Kxg5 63. Ke3 Kg4 64. Kf2 h4 65. gxh4 Kxh4 1/2-1/2

[Event "Sparkassen-Open A"]
[Site "Heusenstamm, Martinsee"]
[Date "2023.11.26"]
[Round "6.83"]
[White "Fröhlich-Dill, Astrid"]
[Black "Schellen, Sven"]
[Result "1-0"]
[WhiteElo "1796"]
[BlackElo "1785"]
[PlyCount "137"]
[EventDate "2023.??.??"]
[WhiteTeam "SV 1920 Hofheim"]
[BlackTeam "SV Frankfurt Nord 1926"]

1. d4 e5 2. dxe5 Nc6 3. Nf3 d6 4. exd6 Bxd6 5. Nc3 Qe7 6. e3 Bg4 7. Bb5 Rd8 8. Qe2 Nf6 9. h3 Bh5 10. Qc4 Bxf3 11. gxf3 Bc5 12. Ne4 Nxe4 13. Bxc6+ bxc6 14. Qxe4 Rd6 15. Qxe7+ Kxe7 16. Bd2 Rb8 17. Bc3 Bb4 18. Bxb4 Rxb4 19. b3 Rh4 20. Ke2 Rdh6 21. Rag1 g6 22. Rg3 R6h5 23. f4 Kd6 24. Kf3 Rc5 25. c4 Ra5 26. Rd1+ Ke6 27. Rd2 Ra3 28. Kg2 f6 29. b4 a5 30. e4 axb4 31. Rxa3 bxa3 32. Kg3 Rh5 33. Rd3 Ra5 34. Kg4 f5+ 35. exf5+ gxf5+ 36. Kg5 Ra4 37. Re3+ Kf7 38. Kxf5 Rxc4 39. Rxa3 Rc5+ 40. Kg4 Rc1 41. Ra7 c5 42. Rxc7+ Ke6 43. f5+ Kf6 44. Rc6+ Kf7 45. Kg5 c4 46. Rc7+ Ke8 47. f6 Rg1+ 48. Kh6 Rg6+ 49. Kxh7 Rxf6 50. Rxc4 Rxf2 51. a4 Rf5 52. Kg6 Ra5 53. h4 Ra6+ 54. Kf5 Kf7 55. Ke5 Ke7 56. Kd5 Kd7 57. Kc5 Ra8 58. Kb6 Rb8+ 59. Ka7 Rb1 60. a5 Kd6 61. a6 Kd5 62. Rg4 Kc6 63. h5 Rf1 64. Rg6+ Kc7 65. h6 Rf8 66. Rg7+ Kc6 67. h7 Rh8 68. Rg6+ Kc7 69. Rh6 1-0

[Event "Sparkassen-Open A"]
[Site "Heusenstamm, Martinsee"]
[Date "2023.11.26"]
[Round "6.84"]
[White "Motzer, Marc"]
[Black "Schmid, Leon"]
[Result "1/2-1/2"]
[WhiteElo "1725"]
[BlackElo "1593"]
[PlyCount "57"]
[EventDate "2023.??.??"]
[WhiteTeam "SK 1912 Ludwigshafen"]
[BlackTeam "Sfr.Heidesheim"]

1. e4 c5 2. b4 cxb4 3. a3 e5 4. Nf3 Nc6 5. Bb5 Nge7 6. axb4 Qb6 7. Na3 Ng6 8. c3 Be7 9. O-O O-O 10. d3 a5 11. Be3 Qd8 12. Nc4 d6 13. Bb6 Qe8 14. Nxa5 Bd7 15. Nc4 Rxa1 16. Qxa1 Nf4 17. Ne1 f5 18. f3 Qg6 19. Be3 fxe4 20. Bxf4 exf4 21. dxe4 h5 22. Rf2 h4 23. Rd2 h3 24. Qd1 Rf6 25. e5 Re6 26. Nb6 Rxe5 27. Bc4+ Be6 28. Bf1 Bh4 29. Re2 1/2-1/2

[Event "Sparkassen-Open A"]
[Site "Heusenstamm, Martinsee"]
[Date "2023.11.26"]
[Round "6.85"]
[White "Stehning, Ralf"]
[Black "John, Volkmar"]
[Result "1-0"]
[WhiteElo "1824"]
[BlackElo "1646"]
[PlyCount "68"]
[EventDate "2023.??.??"]
[WhiteTeam "SF Braunfels"]
[BlackTeam "SK Herborn 1946"]

1. e4 c5 2. Nc3 e6 3. Nge2 Nc6 4. g3 g6 5. Bg2 Bg7 6. O-O Nh6 7. d3 O-O 8. Be3 d6 9. h3 f5 10. Qd2 Nf7 11. Rab1 Rb8 12. Kh2 Bd7 13. a4 a6 14. d4 cxd4 15. Nxd4 Qe7 16. f4 Rfc8 17. Rfe1 Qf8 18. Bg1 Nxd4 19. Bxd4 Bc6 20. Rbd1 b5 21. axb5 axb5 22. exf5 exf5 23. Re2 Bxg2 24. Kxg2 Bxd4 25. Qxd4 Re8 26. Rde1 Rxe2+ 27. Rxe2 Qg7 28. Qxg7+ Kxg7 29. Nd5 Rc8 30. Kf2 Rc5 31. Rd2 Kf8 32. Nf6 h6 33. Nd7+ Ke7 34. Nxc5 dxc5 1-0

[Event "Sparkassen-Open A"]
[Site "Heusenstamm, Martinsee"]
[Date "2023.11.26"]
[Round "6.86"]
[White "Zargaran, Sepas"]
[Black "Peter, Laurenz"]
[Result "1-0"]
[WhiteElo "1558"]
[BlackElo "1810"]
[PlyCount "49"]
[EventDate "2023.??.??"]
[WhiteTeam "VSG 1880 Offenbach"]
[BlackTeam "Sportgemeinschaft Kaarst 1912/35"]

1. e4 c5 2. c3 d5 3. exd5 Qxd5 4. d4 Nf6 5. Nf3 e6 6. Be2 Nc6 7. O-O cxd4 8. cxd4 Be7 9. Nc3 Qd8 10. h3 O-O 11. Bf4 a6 12. a3 Qa5 13. b4 Qf5 14. Qd2 Ne4 15. Nxe4 Qxe4 16. Rfe1 Qd5 17. Rac1 b5 18. Bd3 f5 19. Bb1 Rf6 20. Ba2 Qd7 21. Bg5 Rg6 22. Bxe7 Nxe7 23. Ne5 Qd6 24. Nxg6 Nxg6 25. Rxc8+ 1-0

[Event "Sparkassen-Open A"]
[Site "Heusenstamm, Martinsee"]
[Date "2023.11.26"]
[Round "6.87"]
[White "Senatov, Boris"]
[Black "Kovalskyy, Alicia"]
[Result "1/2-1/2"]
[WhiteElo "1822"]
[BlackElo "1515"]
[PlyCount "107"]
[EventDate "2023.??.??"]
[WhiteTeam "SC Heusenstamm"]
[BlackTeam "Düsseldorfer SV 1854"]

1. e4 e5 2. Nf3 Nc6 3. Bb5 a6 4. Ba4 Nf6 5. O-O Be7 6. Re1 b5 7. Bb3 d6 8. c3 Na5 9. Bc2 c5 10. d3 O-O 11. Nbd2 Nc6 12. Nf1 Qc7 13. Ng3 a5 14. a4 b4 15. d4 cxd4 16. cxd4 Bg4 17. Nf5 Nxd4 18. N5xd4 exd4 19. Bb3 Qb6 20. Qxd4 Qxd4 21. Nxd4 Rac8 22. f3 Bd7 23. Be3 Rfd8 24. Nb5 Bxb5 25. axb5 Ra8 26. Rec1 Rd7 27. b6 Bd8 28. Ba4 Re7 29. Bc6 Rb8 30. Rxa5 Nd7 31. Ra8 Rxa8 32. Bxa8 Nxb6 33. Bc6 h6 34. Bd2 Re5 35. Bxb4 d5 36. Rd1 Bg5 37. Bxd5 Re8 38. Bc6 Rc8 39. Bb7 Rb8 40. Ba6 Na4 41. Ba3 Nxb2 42. Rb1 Bf6 43. Bc5 Rd8 44. f4 Na4 45. Bb4 Nc3 46. Re1 Bd4+ 47. Kh1 Rb8 48. Be7 Re8 49. Bh4 Rxe4 50. Bd3 Re3 51. Rxe3 Bxe3 52. Be1 Nd1 53. g3 Nf2+ 54. Bxf2 1/2-1/2

[Event "Sparkassen-Open A"]
[Site "Heusenstamm, Martinsee"]
[Date "2023.11.26"]
[Round "6.88"]
[White "Arne, Jonas"]
[Black "Pauls, Wilhelm"]
[Result "1-0"]
[WhiteElo "1432"]
[BlackElo "1967"]
[PlyCount "71"]
[EventDate "2023.??.??"]
[WhiteTeam "SG Kaiserslautern 1905"]
[BlackTeam "Sportgemeinschaft Kaarst 1912/35"]

1. d4 Nf6 2. c4 e6 3. Nf3 c5 4. d5 exd5 5. cxd5 g6 6. Nc3 d6 7. e4 Bg7 8. Bd3 O-O 9. O-O Bg4 10. h3 Bxf3 11. Qxf3 Nbd7 12. Bf4 Ne8 13. Qe3 Ne5 14. Bg3 Nc7 15. f4 Nc6 16. Kh1 Nd4 17. Rac1 b5 18. Ne2 Nxe2 19. Qxe2 c4 20. Bb1 f5 21. exf5 gxf5 22. Rcd1 Qf6 23. Rd2 Rae8 24. Qf2 a6 25. Re1 Qf7 26. Qf3 Rxe1+ 27. Bxe1 Re8 28. Bf2 b4 29. Kh2 Rb8 30. b3 c3 31. Rd1 Rb5 32. Bd3 Rc5 33. Bxc5 dxc5 34. d6 Ne6 35. Bc4 Qd7 36. Qd5 1-0

[Event "Sparkassen-Open A"]
[Site "Heusenstamm, Martinsee"]
[Date "2023.11.26"]
[Round "6.89"]
[White "Rüll, Michael"]
[Black "von Wahden, Jens"]
[Result "0-1"]
[WhiteElo "1753"]
[BlackElo "1904"]
[PlyCount "34"]
[EventDate "2023.??.??"]
[WhiteTeam "SC 1952 Obertshausen"]
[BlackTeam "SV Oberursel"]

1. d4 Nf6 2. Nc3 d5 3. Bf4 c5 4. dxc5 d4 5. Na4 Qa5+ 6. c3 Bd7 7. b3 dxc3 8. Qc2 Bxa4 9. bxa4 Nc6 10. e3 Rd8 11. Bb5 Rd2 12. Qc1 Ne4 13. Ne2 a6 14. Bxc6+ bxc6 15. Nxc3 Rd3 16. Be5 Nxc3 17. Bxc3 Qxc3+ 0-1

[Event "Sparkassen-Open A"]
[Site "Heusenstamm, Martinsee"]
[Date "2023.11.26"]
[Round "6.90"]
[White "Olson, Philip Christoph"]
[Black "Werner, Tom"]
[Result "0-1"]
[WhiteElo "1576"]
[BlackElo "1822"]
[PlyCount "82"]
[EventDate "2023.??.??"]
[WhiteTeam "SC Bad Nauheim"]
[BlackTeam "VSG 1880 Offenbach"]

1. d4 d5 2. Bf4 Nf6 3. e3 c5 4. c3 Nc6 5. Nd2 e6 6. Ngf3 Bd6 7. Bg3 b6 8. Bd3 Bb7 9. e4 Be7 10. e5 Nh5 11. Rc1 c4 12. Bc2 b5 13. O-O a5 14. Ne1 g6 15. f4 Nxg3 16. hxg3 h5 17. g4 hxg4 18. Qxg4 Qb6 19. Nef3 O-O-O 20. b3 cxb3 21. Bxb3 Kb8 22. Rb1 Qa7 23. Rfd1 b4 24. Ba4 bxc3 25. Bxc6 c2 26. Rdc1 cxb1=Q 27. Rxb1 Bb4 28. Bxb7 Bxd2 29. Bc6+ Kc8 30. Kf2 Bb4 31. Qg5 Be7 32. Rb7 Qa6 33. Rxe7 Qxc6 34. Qf6 Qc2+ 35. Kg3 Qf5 36. Rxf7 Qxf6 37. Rxf6 Kd7 38. Ng5 Rhe8 39. Rxg6 Rb8 40. f5 Rg8 41. Nxe6 Rxg6+ 0-1

[Event "Sparkassen-Open A"]
[Site "Heusenstamm, Martinsee"]
[Date "2023.11.26"]
[Round "6.91"]
[White "Kanno, Clara Yumi"]
[Black "Büse, Ralf"]
[Result "1/2-1/2"]
[WhiteElo "1388"]
[BlackElo "1898"]
[PlyCount "21"]
[EventDate "2023.??.??"]
[WhiteTeam "SF Essen-Werden 1924/"]
[BlackTeam "SC Ladja Roß?dorf"]

1. d4 e6 2. Nf3 f5 3. e3 Nf6 4. Nbd2 b6 5. c4 d5 6. b3 Bd6 7. Be2 O-O 8. O-O Qe7 9. Qc2 Ne4 10. Bb2 Bb7 11. a3 1/2-1/2

[Event "Sparkassen-Open A"]
[Site "Heusenstamm, Martinsee"]
[Date "2023.11.26"]
[Round "6.92"]
[White "Gärtner, Johannes"]
[Black "Plaumann, Arvin"]
[Result "1/2-1/2"]
[WhiteElo "1582"]
[BlackElo "1805"]
[PlyCount "49"]
[EventDate "2023.??.??"]
[WhiteTeam "Sfr.Mainz 1928"]
[BlackTeam "Sfr.Heidesheim"]

1. e4 e5 2. Nf3 Nc6 3. d4 exd4 4. c3 Nf6 5. e5 Nd5 6. cxd4 d6 7. Bg5 Be7 8. Bxe7 Qxe7 9. Bc4 Be6 10. Bxd5 Bxd5 11. O-O Bxf3 12. Qxf3 dxe5 13. Nc3 O-O 14. dxe5 Qxe5 15. Rfe1 Qg5 16. Nd5 Nd4 17. Qe4 Ne6 18. f4 Qh5 19. f5 Nc5 20. Qc4 b6 21. b4 Nd7 22. Qxc7 Nf6 23. Nxf6+ gxf6 24. Qf4 Qg5 25. Re4 1/2-1/2

[Event "Sparkassen-Open A"]
[Site "Heusenstamm, Martinsee"]
[Date "2023.11.26"]
[Round "6.93"]
[White "Alt, Johannes"]
[Black "Francke, Helmut"]
[Result "1/2-1/2"]
[WhiteElo "1557"]
[BlackElo "1872"]
[PlyCount "73"]
[EventDate "2023.??.??"]
[WhiteTeam "Sfr.Heidesheim"]
[BlackTeam "SC Bad Nauheim"]

1. d4 Nf6 2. Nf3 e6 3. Bf4 b6 4. e3 Bb7 5. Be2 g6 6. O-O Bg7 7. h3 O-O 8. Nbd2 d6 9. c3 Nbd7 10. Bh2 Qe7 11. Re1 e5 12. Nc4 e4 13. Nfd2 Nd5 14. Qb3 a5 15. a4 f5 16. Na3 Kh8 17. c4 Nb4 18. Nc2 Nxc2 19. Qxc2 c5 20. d5 Rae8 21. f3 exf3 22. Bxf3 Ne5 23. Re2 Ba6 24. Rae1 Qf6 25. b3 Bc8 26. Rf2 Qh4 27. Bd1 g5 28. Bxe5 Bxe5 29. Nf3 Qg3 30. Nxe5 Qxe5 31. Qb2 Kg7 32. Qxe5+ Rxe5 33. Bc2 f4 34. e4 h5 35. Ref1 Ree8 36. h4 Kf6 37. hxg5+ 1/2-1/2

[Event "Sparkassen-Open A"]
[Site "Heusenstamm, Martinsee"]
[Date "2023.11.26"]
[Round "6.94"]
[White "Lotz, Ralf"]
[Black "Röß, Jonas"]
[Result "0-1"]
[WhiteElo "1872"]
[BlackElo "1588"]
[PlyCount "79"]
[EventDate "2023.??.??"]
[WhiteTeam "SC 1952 Obertshausen"]
[BlackTeam "SV Würzburg von 1865 e.V."]

1. d4 d5 2. Nf3 Nf6 3. g3 c6 4. Bg2 Bf5 5. O-O h6 6. c4 e6 7. Nc3 Bd6 8. cxd5 exd5 9. Bf4 Bxf4 10. gxf4 Qd6 11. e3 g5 12. Ne2 gxf4 13. Nxf4 Nbd7 14. Qa4 Rg8 15. Kh1 Ne4 16. b4 Nb6 17. Qb3 Bg4 18. Ne5 Nd2 19. Qc2 Nxf1 20. Rxf1 Be6 21. Qh7 O-O-O 22. b5 cxb5 23. Nxe6 Qxe6 24. Qd3 f6 25. e4 fxe5 26. Bh3 Rg4 27. f3 h5 28. fxg4 hxg4 29. Bg2 exd4 30. Qxd4 dxe4 31. Qc5+ Kb8 32. Qxb5 e3 33. Qg5 Rg8 34. Qf4+ Ka8 35. Qc7 Nd5 36. Qc5 e2 37. Rf8+ Qe8 38. Rxe8+ Rxe8 39. Bxd5 e1=Q+ 40. Kg2 0-1

[Event "Sparkassen-Open A"]
[Site "Heusenstamm, Martinsee"]
[Date "2023.11.26"]
[Round "6.95"]
[White "Stehning, Toni"]
[Black "Zerhusen, Martin"]
[Result "1-0"]
[WhiteElo "1666"]
[BlackElo "1673"]
[PlyCount "43"]
[EventDate "2023.??.??"]
[WhiteTeam "SF Braunfels"]
[BlackTeam "SV Oberursel"]

1. e4 e5 2. Bc4 Nf6 3. d4 Nc6 4. Nf3 Nxd4 5. Bxf7+ Kxf7 6. Nxe5+ Ke8 7. Qxd4 d6 8. Nf3 Bd7 9. O-O Bc6 10. Nc3 Be7 11. Re1 Rg8 12. Nd5 h6 13. Bd2 Kf7 14. Qc4 Bxd5 15. exd5 Qd7 16. Nd4 Rac8 17. Re6 Rge8 18. Rae1 a6 19. Qb3 b6 20. Qf3 Qa4 21. Nf5 Bf8 22. Nxh6+ 1-0

[Event "Sparkassen-Open A"]
[Site "Heusenstamm, Martinsee"]
[Date "2023.11.26"]
[Round "6.96"]
[White "Armbrust, Matthias"]
[Black "Leitzig, Reamonn Franky James"]
[Result "1-0"]
[WhiteElo "1838"]
[BlackElo "1540"]
[PlyCount "75"]
[EventDate "2023.??.??"]
[WhiteTeam "Mainz"]
[BlackTeam "SV 1934 Ffm-Griesheim"]

1. e4 c5 2. Nc3 d6 3. g3 Nc6 4. Bg2 g6 5. d3 Bg7 6. f4 e6 7. Nf3 Nge7 8. O-O O-O 9. Be3 Rb8 10. d4 d5 11. e5 Nf5 12. Bf2 cxd4 13. Nxd4 Nfxd4 14. Bxd4 Nxd4 15. Qxd4 b6 16. Rfd1 Qe7 17. Qd2 Ba6 18. Bf1 Bxf1 19. Rxf1 Qc5+ 20. Kh1 Rfc8 21. Rf2 Qb4 22. Rb1 Rb7 23. a3 Qc4 24. Qe2 Bf8 25. Nd1 Qc6 26. Rg2 Rbc7 27. c3 b5 28. Ne3 a5 29. h4 b4 30. axb4 axb4 31. cxb4 Bxb4 32. h5 Kg7 33. Rd1 Qa4 34. Rh2 Rc1 35. Rf1 Rxf1+ 36. Qxf1 Bd2 37. Rxd2 Qe4+ 38. Ng2 1-0

[Event "Sparkassen-Open A"]
[Site "Heusenstamm, Martinsee"]
[Date "2023.11.26"]
[Round "6.97"]
[White "Fleischmann, Theo"]
[Black "Binner, Peter"]
[Result "1-0"]
[WhiteElo "1578"]
[BlackElo "1793"]
[PlyCount "133"]
[EventDate "2023.??.??"]
[WhiteTeam "SVG CAISSA Kassel"]
[BlackTeam "Vorw.Orient Mainz"]

1. Nf3 c5 2. g3 Nf6 3. Bg2 Nc6 4. d4 e6 5. O-O d5 6. c4 Be7 7. dxc5 Bxc5 8. cxd5 Nxd5 9. e4 Nde7 10. Qc2 Qb6 11. a3 Nd4 12. Nxd4 Bxd4 13. Nc3 Bd7 14. Rd1 O-O 15. Qe2 Bc6 16. Bg5 Ng6 17. Qd2 e5 18. Nd5 Bxd5 19. exd5 Rac8 20. Rab1 Qb3 21. Qd3 Qc2 22. Be3 Bxb2 23. Qxc2 Rxc2 24. Be4 Re2 25. Kf1 Rxe3 26. fxe3 Bxa3 27. d6 Rd8 28. d7 Nf8 29. Rxb7 Bc5 30. Ke2 Bb6 31. Bf5 g6 32. Bh3 f5 33. g4 Ne6 34. gxf5 gxf5 35. Bxf5 Nc5 36. Rxb6 axb6 37. e4 Kf7 38. Rd5 Kf6 39. Rd6+ Ke7 40. Rxb6 Nxd7 41. Rb7 h6 42. Kf3 Kd6 43. Bxd7 Rxd7 44. Rb6+ Kc5 45. Rxh6 Kd4 46. Rf6 Rh7 47. Rd6+ Kc4 48. Rd5 Rxh2 49. Rxe5 Rh1 50. Rd5 Re1 51. Kf4 Rf1+ 52. Ke5 Re1 53. Kf5 Re2 54. Rd8 Rf2+ 55. Ke6 Kc5 56. e5 Kc6 57. Ke7 Kc7 58. e6 Re2 59. Rd3 Rg2 60. Rc3+ Kb6 61. Ke8 Re2 62. e7 Rf2 63. Kd8 Rd2+ 64. Kc8 Re2 65. Rc7 Re1 66. Kd8 Re2 67. Rd7 1-0

[Event "Sparkassen-Open A"]
[Site "Heusenstamm, Martinsee"]
[Date "2023.11.26"]
[Round "6.98"]
[White "Schneider, Till"]
[Black "Marchese, Gaspare"]
[Result "1-0"]
[WhiteElo "1575"]
[BlackElo "1787"]
[Annotator "Schloessner,Henrik"]
[PlyCount "83"]
[EventDate "2023.??.??"]
[WhiteTeam "SC Brett vorm Kopp Ffm"]
[BlackTeam "SC Matt im Park Ffm"]

{partie prüfen} 1. f4 Nf6 2. Nf3 d5 3. e3 Bg4 4. h3 Bxf3 5. Qxf3 Nc6 6. Bb5 a6 7. Bxc6+ bxc6 8. b3 e6 9. Bb2 Bd6 10. d3 Qe7 11. O-O O-O-O 12. Kh1 Bc5 13. c4 Qd7 14. d4 Be7 15. Nc3 h5 16. c5 Rdg8 17. Qe2 Kb7 18. a4 h4 19. Qd3 g5 20. b4 Ra8 21. b5 Rhb8 22. fxg5 Nh5 23. Rxf7 Ng3+ 24. Kg1 axb5 25. Ne2 Ne4 26. g6 Ng5 27. Rf4 b4 28. Rg4 Ka7 29. Nc1 Bf6 30. a5 Ne4 31. Qe2 Qg7 32. Nd3 Rb5 33. Ra4 Rab8 34. Qe1 Nc3 35. Rxb4 Ne4 36. Rxb5 Rxb5 37. Nb4 Ka8 38. Qe2 Nxc5 39. Nxc6 Rb3 40. Qc2 Rb5 41. Ba3 Ne4 42. Qd3 1-0

[Event "Sparkassen-Open A"]
[Site "Heusenstamm, Martinsee"]
[Date "2023.11.26"]
[Round "6.99"]
[White "Raumanns, Niklas"]
[Black "Neininger, Sarah"]
[Result "1-0"]
[WhiteElo "1729"]
[BlackElo "1604"]
[PlyCount "87"]
[EventDate "2023.??.??"]
[WhiteTeam "SC Bergen-Enkheim 1922"]
[BlackTeam "VSG 1880 Offenbach"]

1. e3 d5 2. b3 e5 3. Bb2 Bd6 4. f4 exf4 5. exf4 Qe7+ 6. Qe2 f6 7. g3 Bg4 8. Qxe7+ Nxe7 9. Be2 Bxe2 10. Nxe2 Nd7 11. Nbc3 c6 12. O-O-O O-O-O 13. Kb1 h5 14. Nd4 Rde8 15. Nce2 Rhg8 16. Rhf1 c5 17. Nb5 Bb8 18. f5 Nxf5 19. Rxf5 Rxe2 20. d4 cxd4 21. Rxh5 g5 22. Bxd4 a6 23. Nc3 Re6 24. Nxd5 Be5 25. Rh7 Rge8 26. Bxe5 Rxe5 27. Rxd7 Kxd7 28. Nxf6+ Kc7 29. Nxe8+ Rxe8 30. Rf1 Rh8 31. Rf2 Kd6 32. Rf5 Rxh2 33. Rxg5 Rg2 34. Rg7 b5 35. Kb2 Kc5 36. a3 a5 37. g4 Kd6 38. g5 Ke6 39. g6 Kf6 40. Rg8 Ke7 41. Rb8 Rxg6 42. Rxb5 Ra6 43. Rd5 Ke6 44. c4 1-0

[Event "Sparkassen-Open A"]
[Site "Heusenstamm, Martinsee"]
[Date "2023.11.26"]
[Round "6.100"]
[White "Klein, Deniz"]
[Black "Jansen, Malte"]
[Result "1-0"]
[WhiteElo "1565"]
[BlackElo "1685"]
[PlyCount "45"]
[EventDate "2023.??.??"]
[WhiteTeam "SG Kaiserslautern 1905"]
[BlackTeam "SJ Herborn 1998"]

1. c4 Nf6 2. g3 e5 3. Bg2 g6 4. Nc3 Bg7 5. Nf3 d6 6. O-O Nc6 7. d3 O-O 8. Rb1 Be6 9. b4 Qc8 10. Re1 e4 11. Ng5 exd3 12. exd3 Bf5 13. Nge4 Rb8 14. Nxf6+ Bxf6 15. Nd5 Qd8 16. Nxf6+ Qxf6 17. Bb2 Qd8 18. g4 Be6 19. b5 Ne7 20. Bf6 h6 21. Qd2 Kh7 22. d4 Re8 23. Qe3 1-0

[Event "Sparkassen-Open A"]
[Site "Heusenstamm, Martinsee"]
[Date "2023.11.26"]
[Round "6.101"]
[White "Gürtler, Karlheinz"]
[Black "Scheerer, Amelie"]
[Result "1-0"]
[WhiteElo "1871"]
[BlackElo "1583"]
[PlyCount "53"]
[EventDate "2023.??.??"]
[WhiteTeam "SC Ober-Ramstadt"]
[BlackTeam "SV 1934 Ffm-Griesheim"]

1. e4 e5 2. Nf3 Nc6 3. Bc4 Bc5 4. b4 Bxb4 5. c3 Be7 6. d4 exd4 7. Qb3 Na5 8. Bxf7+ Kf8 9. Qa4 Kxf7 10. Qxa5 Nf6 11. e5 Ne8 12. O-O c6 13. Qa4 Nc7 14. Qb3+ Nd5 15. c4 Nb6 16. Nxd4 c5 17. Qf3+ Kg8 18. Nf5 Qf8 19. Nc3 g6 20. Nxe7+ Qxe7 21. Bh6 Qf7 22. Qg3 Qf5 23. Rfe1 Qh5 24. Qf4 Qf5 25. Qh4 Kf7 26. Ne4 Re8 27. Nd6+ 1-0

[Event "Sparkassen-Open A"]
[Site "Heusenstamm, Martinsee"]
[Date "2023.11.26"]
[Round "6.102"]
[White "Kolker, Vladislav"]
[Black "Hofmann, Werner"]
[Result "1-0"]
[WhiteElo "1874"]
[BlackElo "1669"]
[PlyCount "41"]
[EventDate "2023.??.??"]
[WhiteTeam "SC Bad Nauheim"]
[BlackTeam "SV 1920 Kelsterbach"]

1. e4 c6 2. Nf3 d5 3. exd5 cxd5 4. Ne5 Nf6 5. d4 a6 6. Bd3 e6 7. c3 Be7 8. O-O O-O 9. Nd2 b5 10. f4 g6 11. Qe2 Bb7 12. Ndf3 Nbd7 13. Ng5 Nxe5 14. fxe5 Ne8 15. Nxh7 Kxh7 16. Qh5+ Kg8 17. Bxg6 fxg6 18. Qxg6+ Ng7 19. Bh6 Rxf1+ 20. Rxf1 Bf8 21. Rf7 1-0

[Event "Sparkassen-Open A"]
[Site "Heusenstamm, Martinsee"]
[Date "2023.11.26"]
[Round "6.103"]
[White "Kretner, Georg-Ulrich"]
[Black "Rotärmel, Leonie"]
[Result "1-0"]
[WhiteElo "1847"]
[BlackElo "1472"]
[PlyCount "67"]
[EventDate "2023.??.??"]
[WhiteTeam "SC Bad Nauheim"]
[BlackTeam "SK Bad Homburg 1927"]

1. d4 d5 2. c4 dxc4 3. Nf3 Nf6 4. e3 a6 5. Bxc4 e6 6. O-O Be7 7. Nc3 c5 8. Qe2 b5 9. Bd3 Bb7 10. dxc5 b4 11. Na4 Nbd7 12. Rd1 Qa5 13. b3 Nxc5 14. Nxc5 Qxc5 15. Bb2 O-O 16. Rac1 Qa5 17. Bd4 Rfc8 18. Ne5 Bd6 19. Nc4 Bxh2+ 20. Kxh2 Qg5 21. f3 Qh4+ 22. Kg1 Nh5 23. Be5 Rc5 24. Qf2 Qg5 25. f4 Qh6 26. Qh4 f5 27. Be2 Qg6 28. Qg5 Ng3 29. Qxg6 hxg6 30. Bf1 Rd5 31. Nd6 Rxd1 32. Rxd1 Nxf1 33. Kxf1 Bd5 34. Rc1 1-0

[Event "Sparkassen-Open A"]
[Site "Heusenstamm, Martinsee"]
[Date "2023.11.26"]
[Round "6.104"]
[White "Drewes, Thomas"]
[Black "Van Den Hoff, Damian"]
[Result "0-1"]
[WhiteElo "1631"]
[BlackElo "1825"]
[PlyCount "72"]
[EventDate "2023.??.??"]
[WhiteTeam "SV Würzburg von 1865 e.V."]
[BlackTeam "Rotterdam"]

1. d4 d5 2. Nf3 e6 3. Bf4 Nf6 4. Nbd2 Bd6 5. Bg3 c5 6. c3 Nc6 7. e3 O-O 8. Bd3 c4 9. Bc2 Qc7 10. Qe2 e5 11. Nxe5 Nxe5 12. dxe5 Bxe5 13. Bxe5 Qxe5 14. Nf3 Qe7 15. h3 b5 16. a3 a5 17. O-O Re8 18. Nd4 Qc5 19. Qd2 Nd7 20. Rfe1 Bb7 21. Nf3 Nf6 22. Qd4 Qe7 23. Qd2 Ra6 24. Nd4 Qc5 25. Rab1 Rb6 26. Nf3 b4 27. axb4 axb4 28. cxb4 Rxb4 29. Qc3 Rc8 30. Nd4 Qb6 31. Re2 Rc7 32. f3 h6 33. Kf1 Bc8 34. e4 dxe4 35. Bxe4 Ba6 36. Rc2 Rb3 0-1